000 01160cam a22003497a 4500
001 15626977
005 20171126112823.0
008 090217s2008 enk 000 0 eng
010 _a 2009293415
015 _aGBA858766
_2bnb
016 7 _a014595509
_2Uk
020 _a9780230019843 (hbk.)
020 _a0230019846 (hbk.)
020 _a9780230019850 (pbk.)
020 _a0230019854 (pbk.)
035 _a(OCoLC)ocn226280424
040 _aUKM
_cUKM
_dBAKER
_dBTCTA
_dYDXCP
_dOCLCG
_dCDX
_dDLC
042 _alccopycat
050 0 0 _aJA86
_b.R423 2008
082 0 4 _a320.072
_222
_bRES
245 0 0 _aResearch methods in politics /
_cPeter Burnham ... [et al.].
250 _a2nd ed.
260 _aBasingstoke :
_bPalgrave Macmillan,
_cc2008.
300 _axii, 370 p. ;
_c24 cm.
440 0 _aPolitical analysis
_94999
500 _a"Comprehensively Revised and Updated"---cover
504 _aIncludes bibliographical references and index.
650 0 _95000
_aPolitical science
_xResearch
_xMethodology
700 1 _aBurnham, Peter,
_d1959-
_95001
942 _2ddc
_cBB
999 _c11590
_d11590